Súdruh F. Pitra, tajomník ÚV KSČ

Bibliographic Details
Format: Article
Language:Slovak
PhysicalDescription:Obr. 1.
Subjects:

MARC

LEADER 00000nab a2200000 a 4500
001 vtls000087351
003 SK-MaSNL
005 20260303202432.0
008 160201c1981 xo 0 slo
015 |a SNBRB19rr/mm-uuuuu 
035 |a CL0097454 
040 |a SNKBUCL  |b slo  |c SNKBUCL  |e AACR2 
041 0 |a slo 
044 |a xo  |c SK 
080 |a 329.15(437)  |2 1981 
080 |a 929 Pitra, František  |2 1981 
245 0 0 |a Súdruh F. Pitra, tajomník ÚV KSČ 
300 |b Obr. 1. 
600 1 7 |a Pitra, František,  |d 1932-2018  |2 snkbucl  |9 190168 
655 7 |a články z novín a časopisov  |2 snkbucl  |9 267496 
773 0 |t Pravda  |g Roč. 62, č. 137 (12. 6. 1981), s. 1 
850 |a Slovenská národná knižnica v Martine  |a MTA001 
852 |a SNK  |b KIS3GCP 
958 |a RK 
958 |a CZ 
992 |a RBX 
999 |c 2179596  |d 2181526